00426 2200169 4500001002100000008004100021035002000062245001900082100001400101260003900115300002100154020002200175084002000197082000800217650001700225990001400242INLIS000000000000552 ind  a0010-0825000086 aSheacAsri Aci aAci, Asri aYogyakarta :bBentang Belia,c2019 a378 hlm.c21 cm. a978-602-430-456-0 a899.221 3 ACI s a895 aFiksi Remaja a000000722